| 000 | 00918nam a22003137a 4500 | ||
|---|---|---|---|
| 001 | 0011457 | ||
| 003 | KOHA_MİRAKIL | ||
| 005 | 20260207001817.0 | ||
| 007 | ta | ||
| 008 | 091211b1982 tu |||gr||||#||||1|tur | | ||
| 020 | _c0,01 | ||
| 040 |
_aTR-BiSEU _btur _cTR-BiSEU _erda |
||
| 041 | 0 | _atur | |
| 044 | _ctu | ||
| 050 |
_aPL213 _b.U43 1982 |
||
| 100 | 1 | _aUlçugür, İsmail. | |
| 245 | 1 |
_aAgah Sırrı Levend/ _cİsmail Ulçugür ; İsmail Ulçugür. |
|
| 264 | 1 |
_aAnkara : _bTürk Dil Kurumu _c1982 |
|
| 300 | _a304 sayfa; 20 cm. | ||
| 336 |
_ametin _btxt _2rdacontent |
||
| 337 |
_aaracısız _bn _2rdamedia |
||
| 338 |
_acilt _bnc _2rdacarrier |
||
| 490 | 1 |
_aTürk Diline Emek Verenler Dizisi ; _v20. |
|
| 500 | _aKaynakça var. | ||
| 650 | 0 |
_aTürk edebiyatı--Biyografi. _910026 |
|
| 650 | 0 |
_aTürk dili. _96755 |
|
| 830 | 1 |
_aTürk Diline Emek Verenler Dizisi ; _v20. _927908 |
|
| 942 |
_2lcc _cBK |
||
| 999 |
_c11426 _d11426 |
||